[Event "Minsk op"]
[Site "Minsk"]
[Date "2023.11.06"]
[Round "4"]
[White "Osipova, Maryana Aleks"]
[Black "Burbitskii, Ivan"]
[Result "0-1"]
[WhiteElo "1203"]
[BlackElo "1395"]
[PlyCount "102"]
[EventDate "2023.11.03"]
[EventType "swiss"]
[EventRounds "9"]
[EventCountry "BLR"]
[SourceTitle "CB46_2023"]
[SourceDate "2023.11.15"]
[SourceVersion "1"]
[SourceVersionDate "2023.11.15"]
[SourceQuality "1"]

1. d4 Nf6 2. c4 e6 3. g3 d5 4. Bg2 Bb4+ 5. Bd2 Be7 6. Nf3 Nbd7 7. 0-0 0-0 8. Qc2 c6 9. b3 b6 10. Rd1 Ba6 11. Bf4 Rc8 12. Nbd2 c5 13. dxc5 Bxc5 14. Qb2 Qe7 15. a4 Ng4 16. e3 e5 17. Bg5 f6 18. h3 Nxf2 19. Kxf2 fxg5 20. Kg1 Bxe3+ 21. Kh2 g4 22. hxg4 e4 23. Nh4 Ne5 24. Rf1 Qg5 25. Ra2 Nxg4+ 26. Kh1 Nf2+ 27. Kh2 Nd3 28. Qc3 d4 29. Qc2 Nb4 30. Qb1 Bxd2 31. Bxe4 Rxf1 32. Qxf1 Rf8 33. Bxh7+ Kxh7 34. Qxf8 Nxa2 35. Qf3 Bc8 36. Qe4+ g6 37. Qe8 Qg4 38. Qf7+ Kh6 39. Qf8+ Kh5 40. Qh8+ Bh6 41. Qe5+ Qg5 42. Qe2+ Bg4 43. Qxa2 d3 44. Ng2 Qe5 45. Nf4+ Bxf4 46. gxf4 Qxf4+ 47. Kg2 d2 48. Qb2 Qf3+ 49. Kh2 Qh3+ 50. Kg1 Qg3+ 51. Kf1 d1Q# 0-1